Shark utilization, marketing, and trade / (Record no. 15995)

000 -LEADER
fixed length control field 00653cam a2200205 a 4500
020 ## - INTERNATIONAL STANDARD BOOK NUMBER
ISBN 9251043612
040 ## - CATALOGING SOURCE
Transcribing agency AGL
082 14 - DEWEY DECIMAL CLASSIFICATION NUMBER
Classification number 639 FOO 1999 A090 Or.
100 1# - MAIN ENTRY--AUTHOR NAME
Personal name Vannuccini, Stefania
245 10 - TITLE STATEMENT
Title Shark utilization, marketing, and trade /
260 ## - PUBLICATION, DISTRIBUTION, ETC. (IMPRINT)
Place of publication Rome :
Name of publisher Food and Agriculture Organization of the United Nations,
Year of publication 1999
300 ## - PHYSICAL DESCRIPTION
Number of Pages viii, 470 p. :
Other physical details ill. (some col.) ;
Dimensions 30 cm
490 1# - SERIES STATEMENT
Series statement FAO fisheries technical paper,
500 ## - GENERAL NOTE
General note "M-47"--T.p. verso
650 #0 - SUBJECT ADDED ENTRY--TOPICAL TERM
Topical Term Shark industry
650 #0 - SUBJECT ADDED ENTRY--TOPICAL TERM
Topical Term Shark fisheries
650 #0 - SUBJECT ADDED ENTRY--TOPICAL TERM
Topical Term Wildlife utilization
710 2# - ADDED ENTRY--CORPORATE NAME
Corporate name or jurisdiction name as entry element Food and Agriculture Organization of the United Nations
942 ## - ADDED ENTRY ELEMENTS (KOHA)
Koha item type សៀវភៅភាសាអង់គ្លេស
952 ## - LOCATION AND ITEM INFORMATION (KOHA)
Withdrawn status [LOCAL, KOHA] 0
Holdings
Permanent Location Date acquired Koha item type Lost status Shelving location Barcode Current Location Full call number
Library Block A2017-12-25សៀវភៅភាសាអង់គ្លេស A090RUA046977Library Block A639 FOO 1999 A090 Or.
មជ្ឈមណ្ឌលឯការនៃសាកលវិទ្យាល័យភូមិន្ទកសិកម្មចំការដូង

Powered by Koha